[Event "POL-chT U19 2nd League"]
[Site "Chelm Lubelski"]
[Date "2010.07.08"]
[Round "4"]
[White "Kielbasa, Artur"]
[Black "Rosicki, Marcin"]
[Result "1-0"]
[WhiteElo "1541"]
[BlackElo "1548"]
[PlyCount "87"]
[EventDate "2010.07.06"]
[EventType "team-tourn"]
[EventRounds "11"]
[EventCountry "POL"]
[SourceTitle "EXT 2011"]
[Source "ChessBase"]
[SourceDate "2010.11.26"]
[SourceVersion "1"]
[SourceVersionDate "2010.11.26"]
[SourceQuality "1"]
[WhiteTeam "Lesniowice U19"]
[BlackTeam "Jaworzno JKSz MCKiS U19 II"]
[WhiteTeamCountry "POL"]
[BlackTeamCountry "POL"]

1. e4 c5 2. Nf3 e6 3. d4 cxd4 4. Nxd4 Nc6 5. Nc3 a6 6. Be3 Qc7 7. a4 Nf6 8. Nb3 Bb4 9. Bd3 Ne5 10. Bd2 Nxd3+ 11. cxd3 d5 12. Rc1 dxe4 13. Nd5 Bxd2+ 14. Qxd2 Qd6 15. Nc7+ Ke7 16. Nxa8 Bd7 17. Nc7 Bc6 18. dxe4 Qxc7 19. f3 Qb6 20. Nc5 Rd8 21. Qe2 Qa5+ 22. Rc3 Bb5 23. Qc2 Bc6 24. 0-0 Qb4 25. Kh1 Qd4 26. Rd3 Bxa4 27. Rxd4 Bxc2 28. Rxd8 Kxd8 29. Nxb7+ Kc7 30. Rc1 Kxb7 31. Rxc2 Nd7 32. Kg1 Ne5 33. Kf2 Kb6 34. Ke3 f6 35. Kd4 Nc6+ 36. Ke3 g5 37. Rd2 Ne5 38. Rd6+ Kc5 39. Rxa6 Nc4+ 40. Ke2 Nb6 41. Ra7 h5 42. Kd3 e5 43. Rf7 Nc4 44. Rc7+ 1-0

[Event "Augustow qual zone MPJ+OOM U15"]
[Site "Augustow"]
[Date "2009.10.08"]
[Round "8.8"]
[White "Kielbasa, Artur"]
[Black "Grenda, Wojciech"]
[Result "0-1"]
[WhiteElo "1567"]
[BlackElo "1515"]
[PlyCount "66"]
[EventDate "2009.10.04"]
[EventType "swiss"]
[EventRounds "9"]
[EventCountry "POL"]
[SourceTitle "EXT 2023"]
[Source "ChessBase"]
[SourceDate "2022.10.05"]
[SourceVersion "1"]
[SourceVersionDate "2022.10.05"]
[SourceQuality "1"]

1. d4 d5 2. c4 c6 3. Nc3 e6 4. Nf3 dxc4 5. e4 b5 6. a4 Bb4 7. Be2 Bb7 8. 0-0 Bxc3 9. bxc3 Nf6 10. e5 Nd5 11. axb5 Nxc3 12. Qc2 Nxe2+ 13. Qxe2 cxb5 14. Bd2 0-0 15. Rab1 a6 16. Bc3 Nc6 17. Qe3 Qe7 18. Nd2 b4 19. Bxb4 Nxb4 20. Qa3 Qg5 21. Nf3 Bxf3 22. Qxf3 Qe7 23. Qc3 Rab8 24. Qxc4 Rfc8 25. Qe2 Qa7 26. Qd2 Nd5 27. h3 Rxb1 28. Rxb1 a5 29. Qd3 a4 30. Kh2 a3 31. Ra1 a2 32. Qb5 Ra8 33. Kg1 h6 0-1

[Event "Augustow qual zone MPJ+OOM U15"]
[Site "Augustow"]
[Date "2009.10.07"]
[Round "5.7"]
[White "Stasiewicz, Jan"]
[Black "Kielbasa, Artur"]
[Result "1-0"]
[WhiteElo "1553"]
[BlackElo "1567"]
[PlyCount "79"]
[EventDate "2009.10.04"]
[EventType "swiss"]
[EventRounds "9"]
[EventCountry "POL"]
[SourceTitle "EXT 2023"]
[Source "ChessBase"]
[SourceDate "2022.10.05"]
[SourceVersion "1"]
[SourceVersionDate "2022.10.05"]
[SourceQuality "1"]

1. d4 d5 2. c4 e6 3. Nc3 Nf6 4. Bg5 Be7 5. Nf3 0-0 6. e3 Nc6 7. Be2 dxc4 8. Bxc4 Re8 9. a3 a5 10. Bb5 Bd7 11. Rc1 Na7 12. Bxd7 Nxd7 13. Bxe7 Qxe7 14. Qa4 Nc6 15. 0-0 Nb6 16. Qb5 Rad8 17. Rc2 Qd7 18. Rfc1 h6 19. Ne5 Nxe5 20. Qxe5 c6 21. Qxa5 Nc4 22. Qb4 b5 23. Ne4 Rc8 24. b3 Qd5 25. Nc3 c5 26. dxc5 Qxc5 27. Qxc5 Rxc5 28. bxc4 bxc4 29. Ne4 Ra5 30. Rxc4 Rxa3 31. Rc8 Rxc8 32. Rxc8+ Kh7 33. g3 Rd3 34. Rc7 Kg6 35. Nc3 f6 36. Kg2 e5 37. h4 h5 38. Ne4 Ra3 39. Nd6 Kh6 40. Nf5+ 1-0